Statistiken für Flaggen Enthüllen Flaggen #1

Klicken Sie hier um das Quiz zu spielen!

Allgemein

  • Dieses Quiz wurde 319 mal gespielt
  • Das Durchschnittsergebnis liegt bei 17 aus 21

Antworten auf der Karte

Die Antworten werden auf der Karte rot bzw. grün angezeigt, abhängig davon wie oft sie richtig erraten wurden.
 

Antwortstatistiken

Land% Korrekt
Japan
99%
Italien
97%
Portugal
97%
Griechenland
96%
Tschechien
94%
Vietnam
91%
Algerien
90%
Uruguay
90%
Panama
88%
Ukraine
86%
Bhutan
84%
Singapur
82%
Peru
80%
Uganda
80%
Elfenbeinküste
78%
Antigua und Barbuda
64%
Botswana
64%
Jemen
64%
Palau
63%
Zentralafrikanische Republik
62%
Sambia
59%

Verteilung der Resultate

Perzentil nach korrekt beantworteten Fragen

Anzahl Personen mit jedem Resultat

Ihre Resultats-Entwicklung

Sie haben dieses Quiz noch nicht gespielt